| 000 | 01274nam a22002897a 4500 | ||
|---|---|---|---|
| 003 | OSt | ||
| 005 | 20250904150614.0 | ||
| 008 | 240424b ||||| |||| 00| 0 eng d | ||
| 040 | _c0 | ||
| 082 | _aDPer 621.317 Ie21 November 2022 v. 37 n. 11 | ||
| 100 |
_aPhukan, Ripun. _eauthor. _956615 |
||
| 245 |
_aDesign of an indirectly coupled filter building block for modular interleaved AC–DC converters / _cRipun Phukan, David Nam, Sungjae Ohn, Gopal Mondal, Sebastian Nielebock, Dong Dong, and Rolando Burgos. |
||
| 260 |
_aNew York ; _bThe Institute of Electrical and Electronics Engineers, Inc. , _cNovember 2022. |
||
| 300 |
_aVolume 37, pages 13343-13357 : _billustration ; _c28 cm. |
||
| 500 | _aIEEE Transactions on Power Electronics, vol. 37, no. 11, pages 13343-13357, November 2022. | ||
| 650 | 0 |
_aCirculating current. _966089 |
|
| 650 | 0 |
_aMagnetic separation. _967183 |
|
| 650 | 0 |
_aPower harmonic filters. _967184 |
|
| 700 |
_aPhukan, Ripun. _eauthor. _956615 |
||
| 700 |
_aNam, David. _eauthor. _956616 |
||
| 700 |
_aOhn, Sungjae. _eauthor. _956617 |
||
| 700 |
_aMondal, Gopal. _eauthor. _956618 |
||
| 700 |
_aNielebock, Sebastian. _eauthor. _956619 |
||
| 700 |
_aDong, Dong. _eauthor. _956620 |
||
| 700 |
_aBurgos, Rolando. _eauthor. _956621 |
||
| 942 |
_2ddc _cPER |
||
| 999 |
_c20146 _d20146 |
||